| 000 | 00858nam a2200241 a 4500 | ||
|---|---|---|---|
| 001 | BRCA_4092 | ||
| 005 | 20190320204537.0 | ||
| 008 | 240210s2000----mx-a######---#000-0#spa-# | ||
| 041 | _aspa | ||
| 044 | _amx | ||
| 050 | 4 |
_aNK9600 _b.R58 2000 |
|
| 100 | 1 |
_aRivero Weber, Lilia _910596 |
|
| 245 | 1 | 0 |
_aPintura sobre tabla _bdetección temprana del deterioro por un método comparativo de su estructura celular _cLilia Rivero Weber y Alejandra Quintanar Isaías. |
| 260 |
_aMéxico _b[UAM Iztapalapa] _c[2000] |
||
| 300 |
_a1 v. (en varias paginaciones) _bil. _c28 cm. |
||
| 500 | _aEjemplar engargolado | ||
| 500 | _aPor política no se presta a domicilio | ||
| 504 | _aBibliografía: p. [202-208] | ||
| 650 | 1 | 4 |
_aTrabajos en madera _xDeterioro e identificación _910597 |
| 700 | 1 |
_aQuintanar Isaías, Alejandra _910598 |
|
| 902 | _aeng | ||
| 942 |
_2lcc _cB |
||
| 999 |
_c3814 _d3814 |
||